000 00819cam a22001814a 4500
005 20250605164403.0
008 250528s ||||||||||||||||||||||||d
035 _a24670
040 _aGR-AtMCL
_bgre
_dGR-AtMCL
_eAACR2
245 1 _aΠώς θα Αποκτήσουμε Κουλτόυρα Αποταμίευσης
260 _bMorax Media S.A,
_c2020
300 _a88
520 _a2020: Ένα Πολλά Υποσχόμενο Έτος για τις Ασφάλειες, 2030: Μόνη Γλώσσα στον Κόσμο η Ψηφιακή, Τα Σημαντικότερα Γεγονότα της Δεκαετίας, Όταν η Καριέρα Ταυτίζεται με τη Ζωή σου.
700 1 _aΜωράκης Φίλιππος
_99500
942 _cCR
999 _c9537
_d9537